| 000 | 00436nam a22001697a 4500 | ||
|---|---|---|---|
| 003 | NUST - PNEC | ||
| 005 | 20170116181023.0 | ||
| 008 | 150913b xxu||||| |||| 00| 0 eng d | ||
| 020 | _a- | ||
| 040 | _cLIBRARY | ||
| 082 | _a006.78 MAC | ||
| 100 |
_910038 _aMacromedia |
||
| 245 |
_aMacromedia Authorware : taking the plunge _cMacromedia |
||
| 260 | _cc.1995 | ||
| 650 |
_916615 _aMultimedia _xMIS. Computer Science |
||
| 942 |
_2ddc _cBK |
||
| 999 |
_c67476 _d67476 |
||